000 00715nam a22002417a 4500
999 _c125524
_d125524
003 dpl
005 20181218162351.0
008 181218b ||||| |||| 00| 0 eng d
010 _aB-026847
020 _c00.00
035 _aB-026847, B-026875
037 _bCen Lib/Ret
040 _aDPL
_bEN
_c0
082 _a510
_bSIN
100 _aSinghal, P.K.
_914644
245 _aMathematics Q & A for class 10 /
_cby P.K. Singhal
260 _aNew Delhi
_bBharati Bhawan
_c2000
270 _bNew Delhi
_a4271/3, ansari road, dariya ganj
_e110002
300 _avarious pagings
_c21cm(Hb)
650 _aMathematics
_98937
650 _aLinear equations
_914645
942 _2ddc
_cEN
_h510
_mSIN